Interior Design Traditions In India : Post Independence To Pre Liberalization 1947. (Record no. 13633)

MARC details
000 -LEADER
fixed length control field 00424nam a2200145Ia 4500
008 - FIXED-LENGTH DATA ELEMENTS--GENERAL INFORMATION
fixed length control field 220803s9999 xx 000 0 und d
041 ## - LANGUAGE CODE
Language code of text/sound track or separate title eng
082 ## - DEWEY DECIMAL CLASSIFICATION NUMBER
Classification number 729 SID
100 ## - MAIN ENTRY--PERSONAL NAME
Personal name SID Pub.
9 (RLIN) 20257
245 ## - TITLE STATEMENT
Title Interior Design Traditions In India : Post Independence To Pre Liberalization 1947.
260 ## - PUBLICATION, DISTRIBUTION, ETC. (IMPRINT)
Place of publication, distribution, etc. Ahmedabad
Name of publisher, distributor, etc. Research Cell SID
Date of publication, distribution, etc. 2007
300 ## - PHYSICAL DESCRIPTION
Extent 109p
500 ## - GENERAL NOTE
Keywords Architecture
650 ## - SUBJECT ADDED ENTRY--TOPICAL TERM
Topical term or geographic name as entry element Interior Design
9 (RLIN) 20258
Holdings
Withdrawn status Lost status Damaged status Not for loan Collection code Home library Current library Shelving location Date acquired Vendor Cost, normal purchase price Total Checkouts Full call number Barcode Date last seen Cost, replacement price Bill Date Koha item type Original Barcode
        Book of B Arch Dr. Bhanuben Nanavati College of Architecture Dr. Bhanuben Nanavati College of Architecture   15/12/2008 CEPT School of Interior Design Research Cell 100.00   729 SID BNCA-BK-6357 03/08/2022 100.00 22/10/2008 Books B006357